Who's top of the pay pile? (Record no. 75833)

MARC details
000 -LEADER
fixed length control field 00574cab a2200169 4500
001 - CONTROL NUMBER
control field L130849
008 - FIXED-LENGTH DATA ELEMENTS--GENERAL INFORMATION
fixed length control field 050906n2005 000 0 eng u
035 ## - SYSTEM CONTROL NUMBER
System control number (Sirsi) u130849
041 ## - LANGUAGE CODE
Language code of text/sound track or separate title eng
100 ## - MAIN ENTRY--PERSONAL NAME
Personal name Saunders, Andrew
245 ## - TITLE STATEMENT
Title Who's top of the pay pile?
260 ## - PUBLICATION, DISTRIBUTION, ETC.
Date of publication, distribution, etc. 2005
490 ## - SERIES STATEMENT
Series statement Management Today
Volume/sequential designation September 2005, 42-49(6)
520 ## - SUMMARY, ETC.
Summary, etc. Report on "Management Today's" biannual global salary survey which examines the best rewarded executives by role, region and sector.
690 ## - LOCAL SUBJECT ADDED ENTRY--TOPICAL TERM (OCLC, RLIN)
Topical term or geographic name as entry element CAREERS, EDUCATION AND TRAINING-SURVEYING APPOINTMENTS
942 ## - ADDED ENTRY ELEMENTS (KOHA)
Suppress in OPAC 0
Holdings
Withdrawn status Lost status Source of classification or shelving scheme Damaged status Not for loan Home library Current library Shelving location Date acquired Total Checkouts Full call number Barcode Date last seen Copy number Price effective from Koha item type
    Dewey Decimal Classification     London London Journal article 06/09/2005   L130849 130849-1001 06/08/2019 1 06/08/2019 Journal article